| 000 | 00702cam a2200205 4500 | ||
|---|---|---|---|
| 001 | WB3605-34 | ||
| 008 | 000000n2000 000 0 eng u | ||
| 035 | _a(Sirsi) u103933 | ||
| 245 | _aReview of business rates revaluation gets underway | ||
| 260 | _c2000 | ||
| 490 |
_aDETR News Release _v (54) 26 January 2000 (1) |
||
| 520 | _aA review of business rates revaluations has begun, and options being considered include changes to the frequency of revaluations and the introduction of property valuation bands. | ||
| 590 | _aWB | ||
| 650 | _aDETR | ||
| 650 | _aBUSINESS RATES | ||
| 650 | _aREVALUATIONS | ||
| 650 | _aPROPERTY VALUATIONS | ||
| 690 | _aRATING AND LOCAL TAXATION | ||
| 942 | _n0 | ||
| 999 |
_c62380 _d62380 |
||